| 000 | 00422nam a2200181Ia 4500 | ||
|---|---|---|---|
| 005 | 20240823062444.0 | ||
| 008 | 240823s9999||||xx |||||||||||||| ||und|| | ||
| 041 | _aENGLISH | ||
| 082 | _A660 N0 | ||
| 100 | _aJain | ||
| 245 | 0 | _aEngineering Chemistry | |
| 250 | _a8th | ||
| 260 |
_c1990 _b"Dhanpat Rai,Delhi" |
||
| 500 | _aTransfered | ||
| 650 |
_aEngineering Chemistry _bChemistry |
||
| 942 | _cBK | ||
| 999 |
_c235916 _d235916 |
||